000 00788cam a2200229 4500
001 ABS61924
008 000000n2000 000 0 eng u
035 _a(Sirsi) u104402
100 _aThomas, M.
245 _aAlternatively speaking
260 _c2000
490 _aEstates Gazette
_v0005 5 February 2000 136-137(2)
520 _aHighlights the increased interest shown in alternative means of dispute resolution, especially mediation. Explains the advantages and disadvantages.
590 _aABS
650 _aWOOLF REFORMS
650 _aMEDIATION
650 _aLITIGATION
650 _aCONCILIATION
650 _aMANAGEMENT-DISPUTE AVOIDANCE, MANAGEMENT AND RESOLUTION-DISPUTE MANAGEMENT AND RESOLUTION-ARBITRATION
690 _aDispute resolution
_96236
942 _n0
999 _c62637
_d62637